Modern digital and analog communication systems / (Record no. 182535)
[ view plain ]
| 000 -LEADER | |
|---|---|
| fixed length control field | 01563 a2200241 4500 |
| 003 - CONTROL NUMBER IDENTIFIER | |
| control field | Nust |
| 005 - DATE AND TIME OF LATEST TRANSACTION | |
| control field | 20170207153244.0 |
| 010 ## - LIBRARY OF CONGRESS CONTROL NUMBER | |
| LC control number | 97016040 |
| 020 ## - INTERNATIONAL STANDARD BOOK NUMBER | |
| International Standard Book Number | 0195110099 (cloth) |
| 040 ## - CATALOGING SOURCE | |
| Transcribing agency | Nust |
| 082 00 - DEWEY DECIMAL CLASSIFICATION NUMBER | |
| Classification number | 621.382 |
| 100 1# - MAIN ENTRY--PERSONAL NAME | |
| Personal name | Lathi, B. P. |
| 245 10 - TITLE STATEMENT | |
| Title | Modern digital and analog communication systems / |
| Statement of responsibility, etc. | B.P. Lathi. |
| 250 ## - EDITION STATEMENT | |
| Edition statement | 3rd ed. |
| 260 ## - PUBLICATION, DISTRIBUTION, ETC. | |
| Place of publication, distribution, etc. | New York : |
| Name of publisher, distributor, etc. | Oxford University Press, |
| Date of publication, distribution, etc. | 1998. |
| 300 ## - PHYSICAL DESCRIPTION | |
| Extent | xiii, 781 p. : |
| Other physical details | ill. ; |
| Dimensions | 25 cm. |
| 440 #4 - SERIES STATEMENT/ADDED ENTRY--TITLE | |
| Title | The Oxford series in electrical and computer engineering |
| 505 ## - FORMATTED CONTENTS NOTE | |
| Formatted contents note | Introduction (Page-1) Introduction to Signals (Page-14) Analysis and Transmission of Signals (Page-71) Amplitude Linear Modulation (Page-151) Angle (Exponential) Modulation (Page-208) Sampling and Pulse Coding Modulation (Page-251) Principles of Digital Data Transmission (Page-294) Emerging Digital Communications Technologies (Page-354) Some Recent Developments and Miscellaneous Topics (Page-404) Introduction to Theory of Probability (Page-434) Random Processes (Page-487) Behavior of Analog Systems in the Presence of Noise (Page-532) Behavior of Digital Communication Systems in the Presence of Noise (Page-577) Optimum Signal Detection (Page-626) Introduction to Information Theory (Page-679) Error Correcting Codes (Page-728) |
| 538 ## - SYSTEM DETAILS NOTE | |
| System details note | Almirah No.36and Shelf No.6 |
| 650 #0 - SUBJECT ADDED ENTRY--TOPICAL TERM | |
| Topical term or geographic name entry element | Telecommunications engineering. |
| 856 42 - ELECTRONIC LOCATION AND ACCESS | |
| Materials specified | Publisher description |
| Uniform Resource Identifier | <a href="http://www.loc.gov/catdir/enhancements/fy0605/97016040-d.html">http://www.loc.gov/catdir/enhancements/fy0605/97016040-d.html</a> |
| 856 42 - ELECTRONIC LOCATION AND ACCESS | |
| Materials specified | Table of contents only |
| Uniform Resource Identifier | <a href="http://www.loc.gov/catdir/enhancements/fy0605/97016040-t.html">http://www.loc.gov/catdir/enhancements/fy0605/97016040-t.html</a> |
| 942 ## - ADDED ENTRY ELEMENTS (KOHA) | |
| Source of classification or shelving scheme | |
| Koha item type | Book |
| Withdrawn status | Lost status | Source of classification or shelving scheme | Damaged status | Not for loan | Permanent Location | Current Location | Date acquired | Full call number | Barcode | Date last seen | Price effective from | Koha item type | Public note |
|---|---|---|---|---|---|---|---|---|---|---|---|---|---|
| Military College of Signals (MCS) | Military College of Signals (MCS) | 12/12/2016 | 621.382 LAT | MCS28935 | 12/08/2016 | 12/12/2016 | Book | Almirah Text Books Counter | |||||
| Military College of Signals (MCS) | Military College of Signals (MCS) | 12/12/2016 | 621.382 LAT | MCS28936 | 12/08/2016 | 12/12/2016 | Book | Almirah Text Books Counter |
